000 00571nam a2200205Ia 4500
005 20250508152648.0
008 008 250505s9999 xx 000 0 eng d
037 _aBooks to be hide in OPAC
040 _aFEDL
_beng
_cFEDL
041 _aeng
_2eng
084 _a420.7, MEN/O
_qFEDL
100 _aMenon T K N
245 0 _aTeaching of english: A foreign language
260 _aBarida
_bAcharya Book Depot
_c1960
300 _a216p.
365 _aINR
_b5.75
700 _a Patel M S
_9762090
942 _cHB
_h420.7, MEN/O
999 _c1337869
_d1337869